Culture Générale - Clic Quiz - La réponse est une chaussure - Statistiques

Statistiques générales
  • Ce quiz a été pris 181 fois
  • Le résultat moyen est 14 sur 20
Statistiques - réponses
Hint Réponse % Correct
Expression usuelle pour désigner la forme géographique de l'Italie Botte
92%
Nom du Singe, Compagnon d'aventure et meilleur ami de Dora dans la série TV d'animation Dora l'exploratrice Babouche
91%
Étymologiquement son nom vient de l'italien scarpino Escarpin
89%
Danseuse de ballet Ballerine
87%
Accessoires de mode qui ont été employés dans le monde du hip-hop dans les années 1970-années 1980 avant de devenir dans les années 2000 des marques de streetwear qui se répandent dans la culture populaire Sneakers
86%
Mets constitué d'une pâte (souvent pâte feuilletée) enrobant une garniture de viande, de légumes ou pâtissière Chausson
81%
Historiquement portée par les vaqueros (traduits en anglais par cow-boys, des bouviers montés à cheval), au Nord du Mexique et au Sud-Ouest des États-Unis Santiag
79%
Lames de métal fixées aux semelles qui permettent de marquer le rythme en dansant Claquettes
78%
Grande course de chevaux qui a lieu chaque année à Epsom, en Angleterre Derby
78%
Compléte le nom de la récompense attribuée chaque saison au meilleur buteur de tous les championnats de football de première division d'Europe confondus : ".. _________ d'or" Soulier
76%
Celles du Raz, du Hoc et du Grouin proposent de beaux panoramas Pointe
74%
Franchise professionnelle de hockey sur glace basée à New York et évoluant en NHL Rangers
73%
Armand Jean du Plessis Richelieu
69%
Accessoire indispensable pour les amateurs de jeux de société et de cartes. Il permet de mélanger et de distribuer facilement les cartes, tout en maintenant un certain suspense lors des parties Sabot
64%
Angoumoisine, Cognaçaise ou encore Sojaldicienne Charentaise
59%
Nom du film franco-espagnol réalisé par Pedro Almodóvar, sorti en 1991, avec Victoria Abril Talons aiguilles
56%
Type de chaussure de verre (ou vair ; controversé) que l'héroïne perd en sortant du bal dans la version Disney de Cendrillon Pantoufle
55%
Inventée par les Égyptiens pour se protéger de la chaleur du sable. Elles étaient fabriquées en fibre de papyrus, il y a environ 3 000 ans av. Sandale
46%
Sujet de railleries dans un sketch des Nuls : « En ________, on a l'air d'un con... ». La pièce de théâtre "Le père Noël est une ordure" propose un récit de l'invention mythologique de ce type de chaussure. On y apprend que le véritable inventeur n'est autre que Félix, joué par Gérard Jugnot. Malheureusement, son invention lui aurait été volée par son meilleur ami. Espadrille
30%
Compléte le nom du serpent que l'on trouve dans le Sud-Est des États-Unis: ________ d'eau Mocassin
29%
Aucun quiz correspondant
Distribution des résultats
% des personnes avec chaque résultat
Percentile par nombre de réponses
Votre historique - résultats
Vous n’avez pas pris ce quiz